Economics

Salvato in:
Dettagli Bibliografici
Autore principale: Sloman, John
Natura: Libro
Lingua:inglese
Pubblicazione: Harlow FT Prentice Hall 2006
Edizione:6th ed.
Soggetti:
Tags: Aggiungi Tag
Nessun Tag, puoi essere il primo ad aggiungerne!!

MARC

LEADER 00000nam a2200000 4500
001 0135361
005 20240226124533.0
020 |a 0-273-70512-1 
020 |a 978-0-273-70512-3 
041 0 |a eng 
044 |a GB 
245 1 0 |a Economics  |c John Sloman 
250 |a 6th ed. 
264 1 |a Harlow  |b FT Prentice Hall  |c 2006 
300 |a 750 s. 
610 2 0 |a ekonómia 
610 2 0 |a veda ekonomická 
610 2 0 |a mikroekonomika 
610 2 0 |a makroekonomika 
610 2 0 |a hospodárstvo svetové 
100 1 |a Sloman, John